000 01562cam a22004097a 4500
003 CHAP
005 20220329142745.0
008 010920s2001 mx r 00010 spa d
010 _a87325
011 _a88297
035 _a98842
040 _cCHAP
090 _aTesis
100 0 0 _aLozoya Téllez, Rosario.
_968827
245 1 0 _aRasonamiento abstracto en estudiantes de Preparatoria Agrícola de la Universidad Autónoma Chapingo a través de la prueba de aptitud diferencial (DAT)
_c/por Rosario Losoya Téllez
260 _aChapingo, Méx. :
_bEl autor,
_c2003.
300 _a78 h.
502 _aTesis (Maestro en Procesos Educativos) -- UACH. División de Ciencias Económico-Administrativas
530 _aTambién disponible en línea
590 _aALEPH
_b10
_c20130110
_lUCH01
_h1454
590 _aBATCH-UPD
_b10
_c20130110
_lUCH01
_h0735
590 _aBATCH-UPD
_b10
_c20130110
_lUCH01
_h2343
590 _aBATCH-UPD
_b10
_c20130410
_lUCH01
_h0417
590 _aBATCH-UPD
_b10
_c20130914
_lUCH01
_h2056
590 _aBATCH-UPD
_b10
_c20140324
_lUCH01
_h1439
590 _aBATCH-UPD
_b10
_c20141002
_lUCH01
_h0818
590 _aCONVERSION
_b10
_c20130109
_lUCH01
_h1348
650 1 4 _aAprendizaje.
_96370
650 1 4 _aAptitudes.
_96380
650 1 4 _aUACH
_xEstudiantes.
_9115802
856 _3Finding aid
_uhttp://10.13.5.2/tesis/98842.pdf
_zTeclea aqui
901 _aBK
905 _aAlejandra Carrasco M.
942 _cFOLL
949 _aTesis
_bBC
_cTES
_d33724000894614
_eTS2
_fc.2
_h41014
_i98842
_sb
949 _aTesis
_bBC
_cTES
_d988421
_eTS1
_h41013
_i98842
_sb
999 _c87325
_d87325